1860 1859 1277 1092 1808 1102 1909 1119 1826 1110 1136 1080 1889 1548 1719 1498 1567 1329 1617 1985 1209 1945 1237 1605 1915 1299 1640 1337 1189 1842 1612 1487 1696 1021 1238 1737 1092 1565 1746 1392 1885 1711 1070 1054 1933 1168 1235 1723 1472 1242 1750 1156 1661 1171 1891 1065 1255 1301 1826 1586 1250 1303 1409 1416 1770 1591 1638 1361 1469 1704 1097 1136 1547 1679 1792 1130 1018 1528 1458 1308 1604 1747 1647 1540 1641 1476 1013 1091 1048 1933 1034 1884 1496 1480 1356 1182 1687 1201 1037 BCNSPRNW ULIB Ver.6.0+V

เปลี่ยนเป็นภาษาไทย

Change to English
 แสดงรายละเอียดบรรณานุกรม
  กลับหน้าหลัก

Brief Record : Get Marc (ISO 2709) : E-mail record : QR code < ปิดหน้าต่าง
LEADER : 00000nam 2200000uu 4500
001    13399125668
003     ULIB
008    170713s2558||||th 000 0 tha d
020    ^a9786165071000
060 04 ^aWL346^bส984อ
100 0  ^aโสภา พิชัยยงค์วงศ์ดี
245 10 ^aออกกำลังกายพิชิตอัมพาตครึ่งซีก /^cโสภา พิชัยยงค์วงศ์ดี
250    ^aพิมพ์ครั้งที่ 1
260    ^aกรุงเทพฯ :^bหมอชาวบ้าน,^c2558.
300    ^a128 หน้า :^bภาพประกอบ ;^c21 ซม.
650  4 ^aอัมพาตครึ่งซีก
650  4 ^aอัมพาตครึ่งซีก^xการรักษาด้วยการออกกำลังกาย
650  4 ^aกายภาพบำบัด
945    ^p130^l0^i25250
999    ^aกัณชพร จุลอักษร
รายการนี้ยังไม่มีแท็ก
คุณยังไม่ได้ล็อกอิน คุณสามารถมีกิจกรรมร่วมกับเว็บไซต์ได้ แต่ต้องล็อกอินก่อน ::
  ล็อกอิน

รายการสื่อสารสนเทศ

ลำดับที่ ประเภท เลขเรียก/บาร์โค้ด สถานที่ สถานะ
1. วิทยาศาสตร์การแพทย์ และสุขภาพ
วิทยาศาสตร์การแพทย์ และสุขภาพ
สถานะ=หนังสือเก่า
WL346 ส984อ ฉ.1 
  Barcode: 25250
ห้องสมุดวิทยาเขตนครสวรรค์
►ส่วนจัดเก็บหนังสือเก่า นว.
บนชั้น
  ขอยืม

รายการใกล้เคียง
    ผู้แต่ง [โสภา พิชัยยงค์วงศ์ดี]

    หัวเรื่อง [อัมพาตครึ่งซีก]
    หัวเรื่อง [กายภาพบำบัด]

BibComment


ยังไม่เคยถูกคอมเมนท์

คอมเมนท์ทรัพยากรรายการนี้
  คอมเมนท์: ออกกำลังกายพิชิต..


 Copyright 2026. Bcnsprnw @Library